000 01962cam a2200517 a 4500
999 _c1112
_d1112
001 001303039
003 OSt
005 20210624062303.0
008 050307s2005 enka f b 001 0 eng
010 _a 2005295979
015 _aGBA474165
_2bnb
016 7 _a013013248
_2Uk
020 _a0761942483 (pbk.)
020 _a0761942475 (hbk.)
035 _a(OCoLC)56760289
040 _aUk
_cUKM
_dDLC
_dOCL
_dMYG
_dOrLoB-B
042 _alccopycat
049 _aMYGG
050 0 0 _aP94.6
_b.W95 2005
082 0 0 _a302.23
_222
100 1 _aWykes, Maggie,
_d1951-
245 1 4 _aThe media and body image :
_bif looks could kill /
_cMaggie Wykes and Barrie Gunter.
260 _aLondon ;
_aThousand Oaks, Calif. :
_bSAGE,
_c2005.
300 _aiv, 252 p. :
_bill. ;
_c24 cm.
336 _atext
_btxt
_2rdacontent
337 _aunmediated
_bn
_2rdamedia
338 _avolume
_bnc
_2rdacarrier
504 _aIncludes bibliographical references (p. [222]-246) and index.
505 0 0 _g1.
_tCould looks kill? --
_g2.
_tDying to be thin --
_g3.
_tBody matters --
_g4.
_tPrint : selling sex and slenderness --
_g5.
_tStarring roles : screening images --
_g6.
_tFrom representation to effects --
_g7.
_tMedia exposure and body image ideals --
_g8.
_tMedia causation and body image perceptions --
_g9.
_tThe media and clinical problems with body image --
_g10.
_tConclusion : body messages and body meanings.
650 0 _aMass media and culture.
650 0 _aBody image.
650 0 _aMass media
_xPsychological aspects.
650 0 _aMass media
_xInfluence.
700 1 _aGunter, Barrie.
910 _asage-disc140801
910 _ars050701
910 _aMARCIVEAUT
910 _asage-disc140801
910 _ars050701
910 _adepgy-nooclc210609
942 _2lcc
_cBK
_nSO
946 _munpiggy-tang
949 0 _4IP
_ah
_bHUM
_cSTACK
_o0
_p39080028481528
_x01
_hP94.6.W95 2005